| 000 | 00894 a2200229 4500 | ||
|---|---|---|---|
| 003 | Nust | ||
| 005 | 20230103102918.0 | ||
| 010 | _a 2003059349 | ||
| 020 | _a8120326865(hc : alk. paper) | ||
| 040 | _cNust | ||
| 082 | 0 | 0 | _a629.892,SIE |
| 100 | 1 |
_aSiegwart, Roland. _9106697 |
|
| 245 | 1 | 0 |
_aIntroduction to autonomous mobile robots / _cRoland Siegwart and Illah R. Nourbakhsh. |
| 260 |
_a New Delhi Mass. : _b Prentice Hall _c2005. |
||
| 300 |
_aix, 321 p. : _bill. ; _c24 cm. |
||
| 440 | 0 |
_aIntelligent robots and autonomous agents _9106698 |
|
| 505 | _aIntroduction (Page-1), Locomotion (Page-13), Mobile Robot Kinematics (Page-47), Perception(Page-89), Mobile Robot Localization (Page-181), Planning and Navigation (Page-257). | ||
| 650 | 0 |
_aAutonomous robots. _984849 |
|
| 650 | 0 | _aTelecommunication engineering | |
| 700 | 1 |
_aNourbakhsh, Illah Reza, _d1970- _9106699 |
|
| 942 |
_2ddc _cBK |
||
| 999 |
_c178748 _d178748 |
||